01014 a2200277 4500003000900000005001700009008004100026020002200067040001600089080001700105245012300122260003000245300001600275490005000291650004300341650001400384650001600398700003500414700003900449700003400488700002900522700003100551942001200582999001700594952012500611IN-BaIIA20251204121533.0251204b |||||||| |||| 00| 0 eng d a978-981-97-8886-6 cIIA Library a524.882bPRI aPrimordial black holescedited by Christian Byrnes, Gabriele Franciolini, Tomohiro Harada, Paolo Pani and Misao Sasaki aSingaporebSpringerc2025 axxvi, 706p. aSpringer series in astrophysics and cosmology aAstrophysics and Astroparticles918344 aCosmology aGravitation aByrnes, Christian eed.949306 aFranciolini, Gabriele eed.949307 aHarada, Tomohiro eed.949308 aPani, Paolo eed.949309 aSasaki, Misao eed.949310 2udccBK c36127d36127 00102ddc4070aBANbBANcGENd2025-12-02e37g14462.37l0o524.882/ PRIp20987r2025-12-03v14462.37w2025-12-03yBKG